| 000 | 01059nam a22002655i 4500 | ||
|---|---|---|---|
| 999 |
_c16223 _d16223 |
||
| 003 | EG-ScBUE | ||
| 005 | 20200118135216.0 | ||
| 008 | 111116s1966 ua f b 000 0 ara d | ||
| 040 |
_aEG-ScBUE _bara _erda _cEG-ScBUE _dEG-ScBUE |
||
| 082 | 0 | 4 |
_a492.78 _bج ن د _222 |
| 100 | 1 |
_aجندي، علي، _eمؤلف. _917206 |
|
| 245 | 1 | 2 |
_aالبلاغة الغنية / _cتأليف علي الجندي، عميد كلية دار العلوم، جامعة القاهرة وأستاذ الدراسات البلاغية بها سابقا. |
| 250 | _aالطبعة الثانية. | ||
| 264 | 1 |
_aالقاهرة : _bمكتبة الأنجلو المصرية، _c1966. |
|
| 300 |
_a259 صفحة ؛ _c24 سم |
||
| 336 |
_2rdacontent _aنص _btxt |
||
| 337 |
_2rdamedia _aبدون وسيط _bn |
||
| 338 |
_2rdacarrier _aمجلد _bnc |
||
| 504 | _aيشتمل على إرجاعات ببليوجرافية. | ||
| 590 | _areham | ||
| 650 | 7 |
_aالبلاغة العربية. _2BUEsh _916317 |
|
| 653 |
_cNovember2011 _bARALIT |
||
| 655 | _vReading book | ||
| 942 |
_2ddc _cBB |
||